00265nam a2200121Ia 45000030006000000080041000060400015000471000023000622450020000852600009001055460012001140050017001260STCL150530s9999 xx 000 0 und d aSTCLcSTCL aDorothy Sayers, L. aUnnatural Death c1969 aEnglish20220125171029.0